Random European country facts #2 - Statistics

General Stats
  • This quiz has been taken 72 times
  • The average score is 13 of 15
Answer Stats
Hint Answer % Correct
Biggest country in the world Russia
99%
This country has a highway with no speed limit Germany
97%
It recently left the European union UK
96%
This microstate boarders Spain and France Andorra
94%
This country was invaded by Nazi Germany and the USSR during WW2 Poland
94%
Riga is its capital Latvia
93%
This country has a black double headed eagle on its flag Albania
91%
Gothenburg is its second biggest city Sweden
91%
Sardinia is owned by this country Italy
88%
Bratislava is its capital Slovakia
87%
This country is the happiest in the world Finland
84%
Archduke Franz Ferdinand was assassinated in the countries capital Bosnia
81%
This countries flag is the same as Chad Romania
78%
Its the least visited country in europe Moldova
72%
Rusev is from this country Bulgaria
55%
No matching quizzes found
Score Distribution
Percent of People with Each Score
Percentile by Number Answered
Your Score History
You have not taken this quiz